Algebra / (Record no. 46459)
[ view plain ]
| 000 -LEADER | |
|---|---|
| fixed length control field | 00795nam a2200265 a 4500 |
| 001 - CONTROL NUMBER | |
| control field | 46459 |
| 003 - CONTROL NUMBER IDENTIFIER | |
| rucl marc code | BD-RjUL |
| 005 - DATE AND TIME OF LATEST TRANSACTION | |
| control field | 20211209054144.0 |
| 008 - FIXED-LENGTH DATA ELEMENTS--GENERAL INFORMATION | |
| fixed length control field | 160802m19821974enka 001 0 eng |
| 020 ## - INTERNATIONAL STANDARD BOOK NUMBER | |
| International Standard Book Number | 0471101699(v. 1) : |
| Terms of availability | $79.50 |
| International Standard Book Number | 0471101699 (pbk. : v. 1) : |
| 035 ## - SYSTEM CONTROL NUMBER | |
| System control number | (BD-RjUL)46577 |
| 040 ## - CATALOGING SOURCE | |
| Original cataloging agency | DLC |
| Transcribing agency | DLC |
| Modifying agency | DLC |
| -- | BD-RjUL |
| Language of cataloging | eng |
| 041 ## - LANGUAGE CODE | |
| Language code of text/sound track or separate title | eng |
| 082 00 - DEWEY DECIMAL CLASSIFICATION NUMBER | |
| Classification number | 512.9 |
| Edition number | 19 |
| Author mark and year | COA 1982 |
| 100 1# - MAIN ENTRY--PERSONAL NAME | |
| Personal name | Cohn, P. M. |
| Fuller form of name | (Paul Moritz) |
| 9 (RLIN) | 141803 |
| 245 10 - TITLE STATEMENT | |
| Title | Algebra / |
| Statement of responsibility, etc. | P.M. Cohn. |
| 250 ## - EDITION STATEMENT | |
| Edition statement | 2d ed. |
| 260 ## - PUBLICATION, DISTRIBUTION, ETC. (IMPRINT) | |
| Place of publication, distribution, etc. | Chichester [Sussex] ; |
| -- | New York : |
| Name of publisher, distributor, etc. | John Wiley & Sons, |
| Date of publication, distribution, etc. | 1982. |
| 300 ## - PHYSICAL DESCRIPTION | |
| Pagination | v. : |
| Illustrations | ill. ; |
| Size | 25 cm. |
| 504 ## - BIBLIOGRAPHY, ETC. NOTE | |
| Bibliography, etc | Includes bibliographical references (v. 1, p. [461]-463) and indexes. |
| 505 ## - FORMATTED CONTENTS NOTE | |
| Formatted contents note | Vol. 1-- V. 2 -- |
| 650 #0 - SUBJECT ADDED ENTRY--TOPICAL TERM | |
| Topical term or geographic name as entry element | Algebra. |
| 9 (RLIN) | 141804 |
| 942 ## - ADDED ENTRY ELEMENTS (KOHA) | |
| Source of classification or shelving scheme | Dewey Decimal Classification |
| Koha item type | Books |
| Lost status | Source of classification or shelving scheme | Damaged status | Not for loan | Collection code | Permanent Location | Current Location | Shelving location | Date acquired | Source of acquisition | Cost, normal purchase price | Total Checkouts | Full call number | Date last seen | Copy number | Koha item type |
|---|---|---|---|---|---|---|---|---|---|---|---|---|---|---|---|
| Dewey Decimal Classification | Non-fiction | Central Library, University of Rajshahi | Central Library, University of Rajshahi | 02/05/2001 | Soma Enter Prize | 195.45 | 512.9 COA V-1 1982 | 02/08/2016 | C-2 | Books | |||||
| Dewey Decimal Classification | Non-fiction | Central Library, University of Rajshahi | Central Library, University of Rajshahi | 02/05/2001 | Soma Enter Prize | 183.75 | 512.9 COA V-2 1982 | 02/08/2016 | C-2 | Books | |||||
| Dewey Decimal Classification | Non-fiction | Central Library, University of Rajshahi | Central Library, University of Rajshahi | 02/05/2001 | Soma enterprise, Rajshahi | 195.45 | 512.9 COA V-1 1982 | 15/11/2016 | C-3 | Books |